000 00284nam a22001337a 4500
008 170922b xxu||||| |||| 00| 0 eng d
020 _a0870742205
041 _aeng
080 _a902
100 _a45
101 _aARK
245 _aRESCUE ARCHEOLOGY
_cWILSON,R.L
942 _2udc
_cBK
999 _c28900
_d28900